The politics of voter suppression (Record no. 82457)
[ view plain ]
| 000 -LEADER | |
|---|---|
| fixed length control field | 02403nam a2200421 a 4500 |
| 082 04 - DEWEY DECIMAL CLASSIFICATION NUMBER | |
| Classification number | 324.60973 |
| 100 1# - MAIN ENTRY--AUTHOR NAME | |
| Personal name | Wang, Tova Andrea. |
| 245 14 - TITLE STATEMENT | |
| Title | The politics of voter suppression |
| 260 ## - PUBLICATION, DISTRIBUTION, ETC. (IMPRINT) | |
| Place of publication | Ithaca : |
| Name of publisher | Cornell University Press, |
| Year of publication | 2012. |
| 300 ## - PHYSICAL DESCRIPTION | |
| Number of Pages | xviii, 197 p. |
| 500 ## - GENERAL NOTE | |
| General note | "A Century Foundation book." |
| 505 0# - FORMATTED CONTENTS NOTE | |
| Formatted contents note | The voter inclusion principle -- The early years of vote suppression -- Conditions and consequences of the Voting Rights Act -- Vote suppression goes national and Republican -- The battle over Motor Voter -- The election of 2000 and its fallout -- A slight upswing -- Effects on election outcomes -- How to increase participation -- Epilogue : what citizens can do. |
| 520 ## - SUMMARY, ETC. | |
| Summary, etc | "Tova Wang explains how, across the twentieth century, the issue of access to the ballot was transformed from a largely practical matter of electoral advantage into an ideological difference between the Democrat and Republican Parties."--Publisher's Web site. |
| 650 #0 - SUBJECT ADDED ENTRY--TOPICAL TERM | |
| Topical Term | Elections |
| Topical Term | Elections |
| Topical Term | Voter registration |
| Topical Term | Voter registration |
| Topical Term | Suffrage |
| Topical Term | Voting |
| 856 40 - ELECTRONIC LOCATION AND ACCESS | |
| Uniform Resource Identifier | http://site.ebrary.com/lib/rucke/Doc?id=10583992 |
No items available.
